Memorable Pirates of the Caribbean Quotes (Curse of the Black Pearl) - Statistics

General Stats
  • This quiz has been taken 1,573 times
  • The average score is 17 of 25
Answer Stats
Hint Answer % Correct
You will always remember this as the day that you almost caught.... Jack Sparrow
98%
Why is the rum gone? Jack Sparrow
97%
I practice three hours a day, so when I meet a pirate, I can kill it. Will Turner
84%
Oh, not you. We named the monkey Jack. Captain Barbossa
83%
Stop blowing holes in my ship! Jack Sparrow
83%
You can't beat me, Jack! Captain Barbossa
80%
I hardly believe in ghost stories, Captain Barbossa Elizabeth Swann
80%
If you were waiting for the opportune moment, that was it. Jack Sparrow
80%
Commodore, I really must protest. Pirate or not, this man saved my life. Elizabeth Swann
78%
Parleley, parlelellyleloooo, par le nee, partner, par... snip, parsley... Jack Sparrow
78%
(In response to above) That was for the smell. Will Turner
75%
(In response to above) No, he's a pirate. Elizabeth Swann
73%
The only rules that really matter are these: what a man can do and what a man can't do. Jack Sparrow
71%
With the right amount of leverage... Will Turner
71%
You are without doubt the worst pirate I've ever heard of. Norrington
70%
Blast, I was already awake! Mr. Gibbs
69%
Aye. Sea turtles. Mr. Gibbs
68%
So, this is the path you've chosen? After all, he is a blacksmith. Governor Swann
62%
Gents, take a walk. Captain Barbossa
59%
Leverage says you? I feel a change in the winds says I! Mr. Gibbs
56%
We know you're here, poppet. Pintel
51%
(In response to above) Parley? Ragetti
44%
This is just like what the Greeks done at Troy. 'Cept they was in a horse instead o' dresses. Ragetti
42%
Wind in the sails. Wind in the sails. Mr. Cotton's Parrot
37%
Like I said, there's no real ship as can match the Interceptor. Mullroy
17%
No matching quizzes found
Score Distribution
Percent of People with Each Score
Percentile by Number Answered
Your Score History
You have not taken this quiz